| 000 | 00683nam a2200205 4500 | ||
|---|---|---|---|
| 001 | 117530 | ||
| 003 | ES-MaACL | ||
| 007 | t| | ||
| 008 | 070214s1975 sp r ||||1| spa d | ||
| 245 | 0 | 0 |
_aPanorama de la biología contemporánea / _cA. H. Lehninger [et al.] ; selección y comentarios de Roland Hoste ; versión de Carlos Castrodeza. |
| 260 |
_aMadrid : _bAlianza, _c1975. |
||
| 300 |
_a401 p. : _bil. ; _c20 cm. |
||
| 490 | 1 | _aAlianza universidad | |
| 700 | 1 |
_aLehninger, A. H. _971351 |
|
| 700 | 1 |
_aHoste, Roland. _964294 |
|
| 700 | 1 |
_aCastrodeza, Carlos. _936985 |
|
| 830 | 0 |
_aAlianza universidad _9177276 |
|
| 852 |
_aES-MaACL _jL-3493 _bR.104174 |
||
| 999 |
_c117530 _d117530 |
||